| 000 | 00346 a2200145 4500 | ||
|---|---|---|---|
| 001 | 179583 | ||
| 020 | _a | ||
| 040 | _cMagnum | ||
| 100 | _aAraujo, Maria Lysia Correa de | ||
| 240 | 1 | 0 |
_aOs passaros que gostavam de poesia _lpor |
| 245 | 1 | 0 | _aOs passaros que gostavam de poesia |
| 362 | 0 | _a1899 | |
| 697 | _aMAGNITO: IJ/ANIMAIS | ||
| 942 | _cBK | ||
| 999 |
_c179583 _d179583 |
||